[Event "La Felguera Social Casino la Fel"]
[Site "La Felguera"]
[Date "2019.07.14"]
[Round "7"]
[White "Pinto Ojea, Lucas"]
[Black "Redondo Carreira, Miguel Angel"]
[Result "0-1"]
[WhiteElo "1344"]
[BlackElo "1799"]
[PlyCount "64"]
[EventDate "2019.05.19"]
[EventType "tourn"]
[EventRounds "7"]
[EventCountry "ESP"]
[SourceTitle "EXT 2024"]
[Source "ChessBase"]
[SourceDate "2023.10.10"]
[SourceVersion "1"]
[SourceVersionDate "2023.10.10"]
[SourceQuality "1"]

1. c4 c5 2. Nc3 Nf6 3. g3 d5 4. cxd5 Nxd5 5. Bg2 Nc7 6. Qb3 Nc6 7. d3 Qd7 8. Be3 b6 9. Nf3 e6 10. Ne5 Nxe5 11. Bxa8 Nxa8 12. Bf4 Ng6 13. Qb5 Nxf4 14. gxf4 Nc7 15. Qxd7+ Bxd7 16. a4 a5 17. Ra3 c4 18. Ra1 cxd3 19. exd3 Bb4 20. 0-0 Bxc3 21. bxc3 Nd5 22. Rfb1 Kd8 23. c4 Nb4 24. Kg2 Kc7 25. Rb3 Bc6+ 26. Kg3 Rd8 27. f5 Rxd3+ 28. Rxd3 Nxd3 29. fxe6 fxe6 30. Rd1 Nc5 31. Kf4 Bxa4 32. Re1 Nd3+ 0-1